000 00502nam a2200205Ia 4500
003 GCL
008 140319s9999 xx 000 0 eng d
040 _aGCL /
_cGCL
082 0 4 _a813.6
_bR G
100 1 _aREED, T. J.
245 1 0 _aGOETHE /
_cREED, T. J.
260 _a[S.N] :
_bOXFORD UNIVERSITY PRESS ،
_c1984
300 _a114 P
650 0 4 _aGERMAN FICTION
650 0 4 _aBIOGRAPHY
650 0 4 _aBIOGRAPHIES
650 0 4 _aGOETHE, JOHANN
650 0 4 _aGERMAN LITERATURE
942 _2ddc
_cBK
999 _c11745
_d11745